000 00699nam a2200229Ia 4500
003 OSt
005 20220928115125.0
006 a|||||r|||| 00| 0
007 ta
008 220927b |||||||| |||| 00| 0 eng d
024 _a41128
037 _cTextual
040 _aSDCL
_cSDCL
_beng
041 _2eng
_aeng
082 _aV2,41C'N7, L2;1
100 _aZaidi Moin
_9443145
245 0 _aGreat upheaval,1969-1972
_b Case of the Indian National Congress in ferment based on documents emanating from official sources
260 _aNew Delhi
_bOrientalia
_c1972
300 _ax,606p
_ccm.
942 _hV2,41C'N7, L2;1
_cTEXL
_2CC
999 _c758298
_d758298